सार्वनिक वित्त / (Record no. 118656)

MARC details
000 -LEADER
fixed length control field 01173nam a22002657a 4500
005 - DATE AND TIME OF LATEST TRANSACTION
control field 20170124103118.0
010 ## - LIBRARY OF CONGRESS CONTROL NUMBER
LC control number B-004339
020 ## - INTERNATIONAL STANDARD BOOK NUMBER
Terms of availability 00.00
International Standard Book Number 8174871861
035 ## - SYSTEM CONTROL NUMBER
System control number B-004339
037 ## - SOURCE OF ACQUISITION
Source of stock number/acquisition Cen Lib/Ret
040 ## - CATALOGING SOURCE
Original cataloging agency DPL
Language of cataloging HN
082 ## - DEWEY DECIMAL CLASSIFICATION NUMBER
Classification number 336
Item number सुदामा
100 ## - MAIN ENTRY--PERSONAL NAME
Personal name सुदामा सिंह
9 (RLIN) 81325
245 ## - TITLE STATEMENT
Title सार्वनिक वित्त /
Statement of responsibility, etc सुदामा सिंह [एवं] राजीव कृष्ण सिंह
246 ## - VARYING FORM OF TITLE
Title proper/short title Sarvajnik vitta /
Remainder of title by Sudama Singh [evam] Rajeev Krishn SIngh
260 ## - PUBLICATION, DISTRIBUTION, ETC. (IMPRINT)
Place of publication, distribution, etc नयी दिल्ली
Name of publisher, distributor, etc राधा पब्लिकेशन
Date of publication, distribution, etc 2000
270 ## - ADDRESS
City नयी दिल्ली
Address 4378/4B, अनासरी रोड, दरियागंज
Postal code 110002
300 ## - PHYSICAL DESCRIPTION
Extent 383पृ.
Dimensions 20सेमी(सजिल्द )
650 ## - SUBJECT ADDED ENTRY--TOPICAL TERM
Topical term or geographic name as entry element सार्वजनिक वित्त
General subdivision
Geographic subdivision
9 (RLIN) 81326
650 ## - SUBJECT ADDED ENTRY--TOPICAL TERM
Topical term or geographic name as entry element सरकारी व्यय
9 (RLIN) 1413
650 ## - SUBJECT ADDED ENTRY--TOPICAL TERM
Topical term or geographic name as entry element Public Finance
9 (RLIN) 12243
650 ## - SUBJECT ADDED ENTRY--TOPICAL TERM
Topical term or geographic name as entry element Public expenditure
9 (RLIN) 81327
700 ## - ADDED ENTRY--PERSONAL NAME
Personal name राजीव कृष्ण सिंह
9 (RLIN) 4285
942 ## - ADDED ENTRY ELEMENTS (KOHA)
Source of classification or shelving scheme Dewey Decimal Classification
Koha item type Hindi Books
Classification part 336
Call number suffix सुदामा
Holdings
Withdrawn status Lost status Damaged status Not for loan Home library Current library Date acquired Source of acquisition Cost, normal purchase price Total Checkouts Total Renewals Full call number Barcode Date last seen Date checked out Copy number Cost, replacement price Price effective from Koha item type
        Central Library Central Library 12/09/2015 Cen Lib/Ref 0.00 3 6 336 सुदामा B-004339 13/06/2023 01/05/2023 1 0.00 12/09/2015 Hindi Books

© Delhi Public Library
Hit Counter
free hit counter